| Tag |
First Indicator |
Second Indicator |
Subfields |
| LEADER |
00000cam a2200000Ia 4500 |
| 001 |
in00003507607 |
| 005 |
20151206124422.0 |
| 008 |
141203s1771 fr 000 0 fre d |
| 035 |
|
|
|a (OCoLC)ocn897369535
|
| 035 |
|
|
|a (OCoLC)897369535
|
| 040 |
|
|
|a TXA
|c TXA
|d UtOrBLW
|
| 049 |
|
|
|a TXAM
|
| 090 |
|
|
|a ML49.J68
|b T68 1770
|
| 100 |
1 |
|
|a Mondonville, Jean-Joseph Cassanéa de,
|d 1711-1772.
|
| 240 |
1 |
0 |
|a Projets de l'amour.
|s Libretto
|
| 245 |
1 |
4 |
|a Les projets de l'amour :
|b ballet-héroïque en trois actes, représenté, a Versaïlles, devant Sa Majesté, le mercredi 29 mai 1771 /
|c [l'auteur, M. Mondonville].
|
| 246 |
1 |
|
|i Binder's title:
|a Pieces de theatre
|f t. 3
|
| 264 |
|
1 |
|a [Paris] :
|b De L'imprimerie de Pierre-Robert-Christophe Ballard,
|c 1771.
|
| 300 |
|
|
|a 8 unnumbered pages, 51 pages ;
|c 21 cm
|
| 336 |
|
|
|a text
|b txt
|2 rdacontent
|
| 337 |
|
|
|a unmediated
|b n
|2 rdamedia
|
| 338 |
|
|
|a volume
|b nc
|2 rdacarrier
|
| 500 |
|
|
|a This item is number 4 in a volume of 8 theatrical plays bound together with spine title: Pieces de theatre, t. 3.
|
| 500 |
|
|
|a Libretto.
|
| 500 |
|
|
|a Includes cast list.
|
| 500 |
|
|
|a "Les ballets sont de la composition de M. de Laval, maître des ballets du Roi"--Title page verso.
|
| 505 |
0 |
|
|a L'Himen et l'Amour -- Jupiter et Calisto -- Mirzele, féerie.
|
| 700 |
1 |
|
|a Laval, Michel-Jean,
|d 1725-1777?
|
| 994 |
|
|
|a C0
|b TXA
|
| 999 |
|
|
|a MARS
|
| 999 |
f |
f |
|s a71458ec-5177-3a6b-a375-c006f018588b
|i 2f7ee9f5-20cc-3dd6-8d7e-eaee239a5c54
|t 0
|
| 952 |
f |
f |
|p noncirc
|a Texas A&M University
|b College Station
|c Cushing Memorial Library & Archives
|d Cushing: Dawson French (Does not check out)
|t 0
|e ML49.J68 T68 1770
|h Library of Congress classification
|i unmediated -- volume
|
| 998 |
f |
f |
|a ML49.J68 T68 1770
|t 0
|l Cushing: Dawson French (Does not check out)
|